| 000 | 00701nam a2200181 i 4500 | ||
|---|---|---|---|
| 001 | 45886 | ||
| 003 | ES-MaACL | ||
| 005 | 20230906161307.0 | ||
| 007 | t| | ||
| 008 | 030327m19271930sp ||||1| spa d | ||
| 110 | 2 |
_aComisión Asesora Nacional Patronal y Obrera (España) _93007 |
|
| 245 | 1 | 0 |
_aLabor del pleno... _b: resúmen de las sesiones celebradas : acuerdos documentación anexa / _cComisión Asesora Nacional Patronal y Obrera. |
| 260 |
_aMadrid : _b[s.n., _c1927-1930] ( _fSucs. de M. Minuesa) |
||
| 300 |
_aIV, VIII ; _c24 cm. |
||
| 500 | _aPrecede al tít.: Instituto Nacional de Previsión. | ||
| 710 | 2 |
_aInstituto Nacional de Previsión (España) _95180 |
|
| 852 |
_aES-MaACL _jC-7313-17 |
||
| 999 |
_c45886 _d45886 |
||